Regrouping for action (Record no. 66346)

MARC details
000 -LEADER
fixed length control field 01163cam a2200217 4500
001 - CONTROL NUMBER
control field ABS63694
008 - FIXED-LENGTH DATA ELEMENTS--GENERAL INFORMATION
fixed length control field 000000n2001 000 0 eng u
035 ## - SYSTEM CONTROL NUMBER
System control number (Sirsi) u111368
100 ## - MAIN ENTRY--PERSONAL NAME
Personal name Cavanagh, E.
245 ## - TITLE STATEMENT
Title Regrouping for action
260 ## - PUBLICATION, DISTRIBUTION, ETC.
Date of publication, distribution, etc. 2001
490 ## - SERIES STATEMENT
Series statement Estates Gazette
Volume/sequential designation (0109) 3 March 2001, 120-123(3)
520 ## - SUMMARY, ETC.
Summary, etc. A special report on the changes in the make-up of surveying practices in Europe. In many instances, UK surveying companies have increased their staff levels. However, they have closed many of their smaller branch offices, consolidating these into one larger office generally in the capital city. Includes graphs indicating the number of offices and staff of major European firms. Also provides a detailed table of key property companies' representation in Europe. Companies included are: Catella, CB Richard Ellis, Colliers International, DTZ, FPDSavills, GVA, Healey & Baker, Jones Lang LaSalle, King Sturge, Knight Frank and Strutt & Parker.
590 ## - LOCAL NOTE (RLIN)
Local note ABS
650 ## - SUBJECT ADDED ENTRY--TOPICAL TERM
Topical term or geographic name entry element SURVEYING COMPANIES
650 ## - SUBJECT ADDED ENTRY--TOPICAL TERM
Topical term or geographic name entry element UNITED KINGDOM
650 ## - SUBJECT ADDED ENTRY--TOPICAL TERM
Topical term or geographic name entry element STAFFING LEVELS
650 ## - SUBJECT ADDED ENTRY--TOPICAL TERM
Topical term or geographic name entry element OFFICES
690 ## - LOCAL SUBJECT ADDED ENTRY--TOPICAL TERM (OCLC, RLIN)
Topical term or geographic name as entry element EUROPE
942 ## - ADDED ENTRY ELEMENTS (KOHA)
Suppress in OPAC 0
Holdings
Withdrawn status Lost status Source of classification or shelving scheme Damaged status Not for loan Home library Current library Shelving location Date acquired Total Checkouts Full call number Barcode Date last seen Copy number Price effective from Koha item type
    Dewey Decimal Classification     London London Journal article 12/03/2001   ABS63694 111368-1001 06/08/2019 1 06/08/2019 Journal article